CS:GO Weapons By Skin [Hard] - Statistics

General Stats
  • This quiz has been taken 340 times
  • The average score is 12 of 25
Answer Stats
Hint Answer % Correct
Jet Set AK-47
89%
Graphite AWP
87%
Akihabara Accept AUG
78%
Dark Water M4A1-S
78%
Zirka M4A4
72%
Business Class USP-S
63%
The Fuschia is Now CZ-75 Auto
57%
Bratatat Negev
56%
Rose Iron MP9
53%
Heirloom Desert Eagle
48%
Hemoglobin Dual Berettas
46%
Skulls MP7
45%
Gunsmoke P250
43%
Cold Blooded P90
43%
Wave Spray SG 553
40%
Caramel UMP-45
39%
Granite Marbleized P2000
38%
Mayan Dreams SSG-08
36%
Titanium Bit Tec-9
36%
Rising Skull Nova
29%
Demeter G3SG1
28%
Hunting Blind Galil AR
28%
Cobalt Halftone PP-Bizon
24%
Nightshade Five-SeveN
21%
Bone Machine XM1014
21%
No matching quizzes found
Score Distribution
Percent of People with Each Score
Percentile by Number Answered
Your Score History
You have not taken this quiz